Why whole life-cycle costing for project development? (Record no. 82932)

MARC details
000 -LEADER
fixed length control field 00858cab a22001935a 4500
001 - CONTROL NUMBER
control field L152290
008 - FIXED-LENGTH DATA ELEMENTS--GENERAL INFORMATION
fixed length control field 110218s2011 xxk 000 0 eng d
035 ## - SYSTEM CONTROL NUMBER
System control number (Sirsi) u152290
041 0# - LANGUAGE CODE
Language code of text/sound track or separate title eng
100 1# - MAIN ENTRY--PERSONAL NAME
Personal name Jesuorobo, Louis
245 00 - TITLE STATEMENT
Title Why whole life-cycle costing for project development?
260 ## - PUBLICATION, DISTRIBUTION, ETC.
Date of publication, distribution, etc. 2011
490 ## - SERIES STATEMENT
Series statement Project Control Professional
Volume/sequential designation 49(1) February 2011, 15-19(5)
520 ## - SUMMARY, ETC.
Summary, etc. Clients are likely to evaluate cost on the basis of life-cycle cost management in building and civil engineering structures; whole-life cost management is the process of cost planning, estimating, co-ordination, control and reporting of all cost-related aspects from project initiation to operation and maintenance and, ultimately, disposal.
590 ## - LOCAL NOTE (RLIN)
Local note KA
651 #4 - SUBJECT ADDED ENTRY--GEOGRAPHIC NAME
Geographic name United Kingdom
Chronological subdivision
690 ## - LOCAL SUBJECT ADDED ENTRY--TOPICAL TERM (OCLC, RLIN)
Topical term or geographic name as entry element BUILT ENVIRONMENT-BUILDING COSTS
942 ## - ADDED ENTRY ELEMENTS (KOHA)
Suppress in OPAC 0
Holdings
Withdrawn status Lost status Source of classification or shelving scheme Damaged status Not for loan Home library Current library Shelving location Date acquired Total Checkouts Full call number Barcode Date last seen Copy number Price effective from Koha item type
    Dewey Decimal Classification     London London Journal article 18/02/2011   L152290 152290-1001 06/08/2019 1 06/08/2019 Journal article